01690nam a2200289 a 450000100100000000500170001000800410002704000250006804100130009324500950010626000670020130000270026849000320029550000800032750001240040750000520053150803150058353400850089865000400098365000340102365000360105770000380109383000370113195201050116895201100127399900170138300003671420200930075906.0120126s1972 mx a 000 0 spa d aDO-SdBNPbspacBNPHU17aspaheng00aRiego por diques de contorno (capítulo 6, sección 15) /ctraductor: Ramón Palazón. aMéxico :bCentro Regional de Ayuda Técnica : Diana,c1972. a51 p. :bil. ;c24 cm.0 aIngeniería de suelos ;v3 aA cabeza de portada: Manual de ingeniería de suelos, sección 15: riego. aEn la portada: Servicio de Conservación de Suelos, Departamento de Agricultura de los Estados Unidos de América, 3. aEn la portada: Manual nacional de ingeniería. aEditada originalmente por el Departamento de Agricultura de los Estados Unidos de América. Preparada conjuntamente por la Editorial Diana y el Centro Regional de Ayuda Técnica (RTAC), Agencia para el Desarrollo Internacional (A.I.D.), Departamento de Estado del Gobierno de los Estados Unidos de América. pTítulo original:tIrrigation (section 15, chapter 6). Contour-levee irrigation24aRiego por diques de contorno96301924aIngeniería de suelos96302024aConservación de suelos9557801 aPalazón, Ramón,etrad.941247 0aIngeniería de suelosv3934984 001050718MOaGRbGRcCTd2012-01-26iLF1l0o p36714-10r2020-06-25w2020-06-25y1ZNo se presta 001050718MOaGRbGRcCTd2012-01-26iLF1l0o p36714-20r2020-06-25te.2w2020-06-25y1ZNo se presta c36205d36205